| 000 | 00833nam a22002057a 4500 | ||
|---|---|---|---|
| 003 | BD-DhUL | ||
| 005 | 20161013152434.0 | ||
| 008 | 161013s2009 bg a|||| |||| 00| 0 ben | ||
| 020 | _a9848836583 | ||
| 040 |
_aBD-DhUL _cBD-DhUL |
||
| 082 |
_a491.4409 _bSIB |
||
| 100 | 1 | _aসিকদার, সৌরভ | |
| 245 | 1 |
_aবাংলা ভাষা ও সাহিত্যের ইতিহাস : (প্রাচীন ও মধ্যযুগ) / _cসৌরভ সিকদার |
|
| 260 |
_aঢাকা : _bহাসি প্রকাশনী, _c২০০৯ |
||
| 300 |
_a২৩২ পৃ. : _bচিত্র ; _c২২ সেমি. |
||
| 365 |
_aBDT _b200.00 |
||
| 504 | _aগ্রন্থপঞ্জিগত তথ্য সংবলিত | ||
| 650 | 0 | _aবাংলা ভাষা | |
| 942 |
_2ddc _cBK |
||
| 999 |
_c108730 _d108730 |
||